000
00291nam a22001217a 4500
008
180917b xxu||||| |||| 00| 0 eng d
041
_a
eng
080
_2
3 ED
_a
575
100
_a
5
101
_a
BIO
245
_a
Biochemistry A case Oriented Approach
_c
Dryer.R.L
942
_2
udc
_c
BK
999
_c
47858
_d
47858